Pietra E' Il Mio Nome

Збережено в:
Бібліографічні деталі
Автор: Lorenzo Beccati
Формат: Книга
Мова:Невідома мова
Опубліковано: Nord
Теги: Додати тег
Немає тегів, Будьте першим, хто поставить тег для цього запису!

MARC

LEADER 00000nam a2200000Ia 4500
001 R-899
003 CODICE-MESSINA
005 20260212102459.0
008 260211s9999 xx 000 0 und d
040 |c importazione_messina 
100 |a Lorenzo Beccati 
245 0 |a Pietra E' Il Mio Nome 
260 |b Nord 
942 |2 ddc  |c BK 
952 |0 0  |1 0  |2 ddc  |4 0  |6 SCAFFALE_9_000000000000000__ROMANZI  |7 0  |9 31727  |a ME  |b ME  |d 2026-02-11  |l 0  |o SCAFFALE 9 - ROMANZI  |p R-899  |r 2026-02-11 23:52:44  |w 2026-02-11  |x [REVISIONARE]  |y BK 
999 |c 27392  |d 27392